[Event "Fagernes op-A"]
[Site "Fagernes"]
[Date "2023.04.05"]
[Round "5"]
[White "Cummings, David H"]
[Black "Panda, Sambit"]
[Result "1/2-1/2"]
[WhiteElo "2318"]
[BlackElo "2452"]
[PlyCount "35"]
[EventDate "2023.04.02"]
[EventType "swiss"]
[EventRounds "9"]
[EventCountry "NOR"]
[SourceTitle "CBM 213 Extra"]
[Source "ChessBase"]
[SourceDate "2023.05.31"]
[SourceVersion "1"]
[SourceVersionDate "2023.05.31"]
[SourceQuality "1"]

1. c4 e6 2. Nc3 d5 3. d4 a6 4. cxd5 exd5 5. Nf3 h6 6. Bf4 Nf6 7. e3 Bd6 8. Bxd6 Qxd6 9. Bd3 Bg4 10. h3 Bxf3 11. Qxf3 Nbd7 12. a3 c6 13. Ne2 Qe7 14. 0-0 0-0 15. Ng3 g6 16. Rfe1 Rae8 17. Qf4 Kg7 18. Qc7 1/2-1/2

[Event "Wch Seniors 50 30th"]
[Site "Assisi"]
[Date "2022.11.15"]
[Round "1"]
[White "Cummings, David H"]
[Black "Favier, Alain"]
[Result "1-0"]
[WhiteElo "2318"]
[BlackElo "1972"]
[PlyCount "81"]
[EventDate "2022.11.15"]
[EventType "swiss"]
[EventRounds "11"]
[EventCountry "ITA"]
[SourceTitle "CBM 211 Extra"]
[Source "ChessBase"]
[SourceDate "2023.01.31"]
[SourceVersion "1"]
[SourceVersionDate "2023.01.31"]
[SourceQuality "1"]

1. c4 e5 2. Nc3 Nf6 3. Nf3 Nc6 4. e4 Bb4 5. d3 0-0 6. a3 Bxc3+ 7. bxc3 d6 8. Be2 h6 9. 0-0 Bd7 10. Ne1 Qe7 11. f4 exf4 12. Bxf4 Ne5 13. Rb1 b6 14. Nc2 Ba4 15. Qc1 Bxc2 16. Qxc2 Rae8 17. Rbe1 Ng6 18. Bg3 a5 19. Bd1 Qe6 20. Qe2 Re7 21. Bc2 Rfe8 22. Ba4 Rb8 23. Rf5 Qc8 24. Ref1 Re6 25. Qd2 Qf8 26. h3 Rd8 27. R5f2 Re7 28. Qd1 Rc8 29. h4 h5 30. Qd2 Ne5 31. Bd1 Nfg4 32. Rf4 Rd8 33. Be2 b5 34. cxb5 d5 35. exd5 Rxd5 36. d4 Ng6 37. Rf5 Red7 38. Rxd5 Rxd5 39. Bc4 Rd7 40. Qg5 Qe7 41. Rxf7 1-0

[Event "Quebec op"]
[Site "Longueuil"]
[Date "2019.07.27"]
[Round "9"]
[White "Cummings, David H"]
[Black "Rodrigue Lemieux, Shawn"]
[Result "1/2-1/2"]
[WhiteElo "2340"]
[BlackElo "2257"]
[PlyCount "59"]
[EventDate "2019.07.20"]
[EventType "swiss"]
[EventRounds "9"]
[EventCountry "CAN"]
[SourceTitle "CBM 191 Extra"]
[Source "ChessBase"]
[SourceDate "2019.09.30"]
[SourceVersion "1"]
[SourceVersionDate "2019.09.30"]
[SourceQuality "1"]

1. c4 Nf6 2. Nc3 e6 3. e4 d5 4. cxd5 exd5 5. e5 d4 6. exf6 dxc3 7. Bb5+ c6 8. Qe2+ Be6 9. Bc4 Qxf6 10. dxc3 Bc5 11. Bxe6 Qxe6 12. Qxe6+ fxe6 13. Nf3 0-0 14. 0-0 Nd7 15. Bg5 Rf5 16. Rad1 Ne5 17. Nxe5 Rxe5 18. Be3 Bxe3 19. fxe3 Rd5 20. c4 Rdd8 21. Kf2 Kf7 22. Ke2+ Ke7 23. Rd4 Rxd4 24. exd4 b5 25. cxb5 cxb5 26. Rc1 Kd6 27. Rc5 a6 28. Rc3 Ra7 29. Rc8 e5 30. dxe5+ 1/2-1/2

[Event "Reykjavik op"]
[Site "Reykjavik"]
[Date "2019.04.10"]
[Round "4"]
[White "Cummings, David H"]
[Black "Jones, Gawain C B"]
[Result "0-1"]
[WhiteElo "2338"]
[BlackElo "2698"]
[PlyCount "72"]
[EventDate "2019.04.08"]
[EventType "swiss"]
[EventRounds "9"]
[EventCountry "ISL"]
[SourceTitle "CBM 189 Extra"]
[Source "ChessBase"]
[SourceDate "2019.06.03"]
[SourceVersion "1"]
[SourceVersionDate "2019.06.03"]
[SourceQuality "1"]

1. c4 g6 2. Nc3 Bg7 3. g3 Nc6 4. Bg2 d6 5. d3 Nf6 6. e4 a6 7. Nge2 0-0 8. 0-0 e5 9. h3 Nd7 10. Be3 Nd4 11. f4 c6 12. f5 b5 13. g4 Rb8 14. Rb1 Nb6 15. b3 b4 16. Na4 Nxa4 17. bxa4 c5 18. Nxd4 exd4 19. Bf4 g5 20. Bg3 Be5 21. Bxe5 dxe5 22. f6 Kh8 23. Rb2 Rg8 24. Rbf2 Rg6 25. Qd2 Rb6 26. Rf5 Bxf5 27. exf5 Rg8 28. Qe2 Qxf6 29. a5 Rbb8 30. Re1 b3 31. axb3 Rxb3 32. Qxe5 Qxe5 33. Rxe5 Rxd3 34. Rxc5 Rd8 35. f6 Rd1+ 36. Kf2 Rd2+ 0-1

[Event "Wch Seniors 50 28th"]
[Site "Bled"]
[Date "2018.11.28"]
[Round "10"]
[White "Cummings, David H"]
[Black "Sturua, Zurab"]
[Result "0-1"]
[WhiteElo "2331"]
[BlackElo "2529"]
[PlyCount "104"]
[EventDate "2018.11.18"]
[EventType "swiss"]
[EventRounds "11"]
[EventCountry "SLO"]
[SourceTitle "CBM 187 Extra"]
[Source "ChessBase"]
[SourceDate "2018.11.04"]
[SourceVersion "1"]
[SourceVersionDate "2018.11.04"]
[SourceQuality "1"]

1. c4 e5 2. Nc3 Nf6 3. Nf3 d6 4. d4 Nbd7 5. e4 Be7 6. Be2 0-0 7. 0-0 c6 8. Qc2 a6 9. Rd1 Qc7 10. Rb1 b5 11. b4 Re8 12. h3 Bb7 13. Be3 g6 14. dxe5 dxe5 15. Qb3 c5 16. cxb5 cxb4 17. Ng5 Rf8 18. Nd5 Bxd5 19. exd5 axb5 20. Rbc1 Qb8 21. Rc6 Ra3 22. Qc2 Bd6 23. h4 Re8 24. Bf3 e4 25. Nxe4 Nxe4 26. Bxe4 Ne5 27. Bc1 Ra4 28. Rxd6 Qxd6 29. Bf4 Ra6 30. Bg3 Qd7 31. Qb3 Qg4 32. Bxe5 Rxe5 33. f3 Qxh4 34. Rc1 Qe7 35. Qb2 Qa7+ 36. Kf1 Re8 37. Rc2 Qe7 38. Rc6 Rxc6 39. dxc6 Qd6 40. Qc1 Qe6 41. Qd2 Qc4+ 42. Kg1 Qc5+ 43. Kf1 Kg7 44. g4 h6 45. Kg2 Re5 46. Qd7 Qc3 47. Qd6 Rc5 48. Kh3 Qe5 49. Qd2 Rc3 50. Kg2 Rc4 51. Qd3 Qd4 52. Qe2 Rc1 0-1

[Event "Wch Seniors 50 28th"]
[Site "Bled"]
[Date "2018.11.18"]
[Round "1"]
[White "Davis, Lee"]
[Black "Cummings, David H"]
[Result "0-1"]
[WhiteElo "1948"]
[BlackElo "2331"]
[PlyCount "54"]
[EventDate "2018.11.18"]
[EventType "swiss"]
[EventRounds "11"]
[EventCountry "SLO"]
[SourceTitle "CBM 187 Extra"]
[Source "ChessBase"]
[SourceDate "2018.11.04"]
[SourceVersion "1"]
[SourceVersionDate "2018.11.04"]
[SourceQuality "1"]

1. d4 d5 2. g3 Nf6 3. Bg2 e6 4. Nf3 b5 5. 0-0 Bb7 6. Bg5 Nbd7 7. Nbd2 Be7 8. c3 c5 9. dxc5 Nxc5 10. Nd4 a6 11. Kh1 0-0 12. f3 Qd7 13. Be3 e5 14. Nc2 Na4 15. Rb1 Rac8 16. Bg1 Rfd8 17. Nb3 h5 18. Qd3 g6 19. Rfd1 Qc7 20. Ne1 Kg7 21. Bh3 Rb8 22. Qe3 Bd6 23. Qg5 Re8 24. Ng2 Nh7 25. Qd2 Rbd8 26. Ne3 Be7 27. Ng2 Ng5 0-1

[Event "WchT Seniors 50"]
[Site "Dresden"]
[Date "2018.07.13"]
[Round "7.2"]
[White "Emms, John M"]
[Black "Cummings, David H"]
[Result "1-0"]
[WhiteElo "2488"]
[BlackElo "2336"]
[PlyCount "41"]
[EventDate "2018.07.07"]
[EventType "team-swiss"]
[EventRounds "9"]
[EventCountry "GER"]
[SourceTitle "CBM 185 Extra"]
[Source "ChessBase"]
[SourceDate "2018.07.29"]
[SourceVersion "1"]
[SourceVersionDate "2018.07.29"]
[SourceQuality "1"]
[WhiteTeam "England"]
[BlackTeam "Canada"]
[WhiteTeamCountry "ENG"]
[BlackTeamCountry "CAN"]

1. e4 c5 2. Nf3 e6 3. d4 cxd4 4. Nxd4 Nc6 5. Nc3 Qc7 6. Be2 a6 7. 0-0 Nf6 8. Be3 Bb4 9. Nxc6 bxc6 10. Qd4 c5 11. Qc4 Bb7 12. a3 d5 13. exd5 exd5 14. Qf4 Qxf4 15. Bxf4 Bxc3 16. bxc3 0-0 17. c4 d4 18. Bd3 Rfe8 19. Rfe1 Ne4 20. Reb1 Re7 21. Rxb7 1-0

[Event "Reykjavik op"]
[Site "Reykjavik"]
[Date "2018.03.13"]
[Round "8"]
[White "Cummings, David H"]
[Black "Norowitz, Yaacov"]
[Result "1/2-1/2"]
[WhiteElo "2322"]
[BlackElo "2412"]
[PlyCount "68"]
[EventDate "2018.03.06"]
[EventType "swiss"]
[EventRounds "9"]
[EventCountry "ISL"]
[SourceTitle "CBM 183 Extra"]
[Source "ChessBase"]
[SourceDate "2018.04.19"]
[SourceVersion "1"]
[SourceVersionDate "2018.04.19"]
[SourceQuality "1"]

1. c4 b6 2. Nc3 Bb7 3. e4 e5 4. Nf3 Nc6 5. Be2 Nf6 6. 0-0 Bc5 7. d3 h6 8. Nxe5 Nxe5 9. d4 Nc6 10. dxc5 bxc5 11. Be3 d6 12. Qd2 0-0 13. Rad1 Re8 14. f3 a5 15. Nd5 Nb4 16. a3 Nbxd5 17. cxd5 Qe7 18. Bb5 Reb8 19. Rfe1 Bxd5 20. exd5 Rxb5 21. a4 Rb7 22. Bxc5 Qd8 23. Bd4 Nxd5 24. Bxg7 Kxg7 25. Qxd5 Rxb2 26. Re4 Rb4 27. Rde1 c6 28. Qxc6 Qb6+ 29. Qxb6 Rxb6 30. Rd1 Rc8 31. Red4 Rb2 32. R1d2 Rxd2 33. Rxd2 Rc4 34. Rxd6 Rxa4 1/2-1/2